1532 1903 1761 1893 1206 1245 1888 1057 1079 1693 1458 1969 1108 1380 1414 1816 1688 1938 1235 1310 1635 1815 1478 1820 1558 1622 1169 1024 1591 1556 1319 1951 1090 1454 1719 1768 1318 1877 1455 1355 1207 1028 1568 1655 1456 1163 1582 1782 1001 1999 1000 1074 1348 1115 1647 1816 1448 1230 1897 1174 1095 1128 1451 1349 1146 1173 1112 1465 1199 1264 1051 1700 1925 1515 1816 1174 1026 1588 1213 1930 1283 1506 1350 1857 1551 1394 1201 1101 1024 1948 1305 1751 1425 1809 1275 1998 1840 1955 1474 BCNSPRNW ULIB Ver.6.0+V

เปลี่ยนเป็นภาษาไทย

Change to English
 แสดงรายละเอียดบรรณานุกรม
  กลับหน้าหลัก

Brief Record : Get Marc (ISO 2709) : E-mail record : QR code < ปิดหน้าต่าง
LEADER : 00000nam 2200000uu 4500
001    13399111300
003     ULIB
008    110622s||||||||th 000 0 tha d
020    9789740204916
050  4 BF724^bน275ข 2553
100 0  นฤภัค ฤธาทิพย์
245 10 เข้าใจวัยซ่า รู้ปัญหาวัยรุ่น/^cนฤภัค ฤธาทิพย์
250    พิมพ์ครั้งที่ 1
260    กรุงเทพฯ :^bมติชน,^c2553
300    151 หน้า
650  7 วัยรุ่น
650  7 ปัญหาวัยรุ่น
650  7 จิตวิทยา
945    ^p120^l0^i028456
995    ทศพร
999 ^a ใช้งานได้ทุกระบบ
รายการนี้ยังไม่มีแท็ก
คุณยังไม่ได้ล็อกอิน คุณสามารถมีกิจกรรมร่วมกับเว็บไซต์ได้ แต่ต้องล็อกอินก่อน ::
  ล็อกอิน

รายการสื่อสารสนเทศ

ลำดับที่ ประเภท เลขเรียก/บาร์โค้ด สถานที่ สถานะ
- ไม่พบข้อมูล -

รายการใกล้เคียง
    หัวเรื่อง [วัยรุ่น]
    หัวเรื่อง [จิตวิทยา]

BibComment


ยังไม่เคยถูกคอมเมนท์

คอมเมนท์ทรัพยากรรายการนี้
  คอมเมนท์: เข้าใจวัยซ่า รู้ป..


 Copyright 2026. Bcnsprnw @Library